| 000 | 01249cam a22003618i 4500 | ||
|---|---|---|---|
| 001 | 9927 | ||
| 003 | FISKH | ||
| 005 | 20260317095556.0 | ||
| 008 | 240703s2024 nyu d 000 1 eng | ||
| 010 | _a 2024027064 | ||
| 020 |
_a9781250822994 _q(hardcover) |
||
| 020 |
_z9781250823007 _q(ebook) |
||
| 040 |
_aDLC _beng _erda _cDLC |
||
| 050 | 0 | 0 |
_aPZ7.1.I1153 _bWi 2024 |
| 082 | _a813.6 | ||
| 100 | 1 |
_aIbañez, Isabel _c(Novelist), _eauthor. |
|
| 245 | 1 | 0 |
_aWhere the library hides : _ba novel / _cIsabel Ibañez. |
| 250 | _aFirst edition. | ||
| 260 |
_aNew York : _bWednesday Books, _c2024. |
||
| 300 |
_a371 pages : _billustrations ; _c25 cm |
||
| 520 | _aSet in 1885, Inez marries Whitford in order to stay in Egypt and continue searching for her parents, but she wonders if their love can endure the secrets buried under the city of Alexandria. | ||
| 521 |
_aAges 13-18. _bWednesday Books. |
||
| 650 | 1 |
_aMagic _vFiction. |
|
| 650 | 1 | _aRomance stories. | |
| 650 | 1 | _aFantasy. | |
| 651 | 1 |
_aEgypt _xHistory _y19th century _vFiction. |
|
| 655 | 7 |
_aRomance fiction. _2lcgft |
|
| 655 | 7 |
_aFantasy fiction. _2lcgft |
|
| 655 | 7 |
_aNovels. _2lcgft |
|
| 906 |
_a7 _bcbc _corignew _d1 _eecip _f20 _gy-gencatlg |
||
| 942 |
_2ddc _cBK _n0 |
||
| 999 |
_c9927 _d9927 |
||